logo

Bir Sreshtho Munshi Abdur Rouf Library
Jhenaidah Cadet College

মুহাম্মাদ বিন তঘলক উত্থান ও পতন / (Record no. 12361)

MARC details
000 -LEADER
fixed length control field 01094nam a2200265 a 4500
001 - CONTROL NUMBER
JCCL Control Number 12361
003 - CONTROL NUMBER IDENTIFIER
JCCL marc code BD-JhCC
005 - DATE AND TIME OF LATEST TRANSACTION
control field 20220203100719.0
008 - FIXED-LENGTH DATA ELEMENTS--GENERAL INFORMATION
fixed length control field 210607s2021 bg |||| |||| 000 0 ben d
020 ## - INTERNATIONAL STANDARD BOOK NUMBER
International Standard Book Number 9789849541264
035 ## - SYSTEM CONTROL NUMBER
system control number (BD-JhCC)12361
040 ## - CATALOGING SOURCE
Original cataloging agency BD-JhCC
Modifying agency BD-JhCC
041 ## - LANGUAGE CODE
Language code of Book Bangal
082 ## - DEWEY DECIMAL CLASSIFICATION NUMBER
Classification number 954.56
Author mark and Year HUS 2021
100 ## - MAIN ENTRY--PERSONAL NAME
Personal name হুসাইন, আগা মাহদি
245 ## - TITLE STATEMENT
Title মুহাম্মাদ বিন তঘলক উত্থান ও পতন /
Statement of responsibility, etc আগা মাহদি হুসাইন, অনুবাদক আল মারুফ রাসেল
260 ## - PUBLICATION, DISTRIBUTION, ETC. (IMPRINT)
Place of publication, distribution, etc ঢাকা :
Name of publisher, distributor, etc দিব্য প্রকাশ,
Date of publication, distribution, etc ২০২১।
300 ## - PHYSICAL DESCRIPTION
Pagination ৩২০ পৃ. :
Dimensions ২০ সেমি.
504 ## - BIBLIOGRAPHY, ETC. NOTE
Bibliography, etc গ্রন্থপঞ্জি অর্ন্তভূক্ত।
600 ## - SUBJECT ADDED ENTRY--PERSONAL NAME
Personal name Muḥammad bin Tug̲h̲laq, Sultan of Delhi,
Dates associated with a name approximately 1290-1351
650 ## - SUBJECT ADDED ENTRY--TOPICAL TERM
Topical term or geographic name as entry element Kings and rulers
Geographic subdivision India--Delhi (Sultanate)
650 ## - SUBJECT ADDED ENTRY--TOPICAL TERM
Topical term or geographic name as entry element Politics and government
700 ## - ADDED ENTRY--PERSONAL NAME
Personal name রাসেল, আল মারুফ
942 ## - ADDED ENTRY ELEMENTS (KOHA)
Source of classification or shelving scheme Dewey Decimal Classification
Koha item type Books
Holdings
Source of classification or shelving scheme Damaged status Not for loan Home library Current library Shelving location Date of accession Cost, normal purchase price Total Checkouts Full call number Barcode Date last seen Copy number Koha item type
Dewey Decimal Classification     JCC Rouf Library JCC Rouf Library General Stacks 06/07/2021 425.00   954.56 HUS 2021 16801 11/06/2021 C-1 Books

JCC Library | Contacts | JCC Home

Last Update on 23 September 2017
Copyright @ 2017-2020 JCC Rouf Library
Rouf Library, Jhenidah Cadet College (JCC), Bangladesh